| 000 | 01953nam a22004211i 4500 | ||
|---|---|---|---|
| 001 | ebr10777903 | ||
| 003 | CaPaEBR | ||
| 006 | m o d | ||
| 007 | cr cn||||||||| | ||
| 008 | 131008t20122012sz a ob 101 0 eng d | ||
| 020 | _a9783038138907 (e-book) | ||
| 020 | _z9783037854747 (pbk.) | ||
| 040 |
_aCaPaEBR _beng _erda _epn _cCaPaEBR |
||
| 035 | _a(OCoLC)832709438 | ||
| 050 | 1 | 4 |
_aTA401.3 _b.I585 2012eb |
| 111 | 2 |
_aInternational Conference on Civil Engineering and Material Engineering _d(2012 : _cWuhan, China) |
|
| 245 | 1 | 0 |
_aAdvanced research on civil engineering and material engineering : _bselected, peer reviewed papers from the 2012 International Conference on Civil Engineering and Material Engineering , August 25-26, Wuhan, China / _cedited by Helen Zhang, David Jin and X. J. Zhao. |
| 264 | 1 |
_aDurnten-Zurich, Switzerland : _bTrans Tech Publications, _c[2012] |
|
| 264 | 4 | _c�2012 | |
| 300 |
_a1 online resource (417 pages) : _billustrations. |
||
| 336 |
_atext _2rdacontent |
||
| 337 |
_acomputer _2rdamedia |
||
| 338 |
_aonline resource _2rdacarrier |
||
| 490 | 1 |
_aAdvanced materials research ; _vvolume 568 |
|
| 504 | _aIncludes bibliographical references and index. | ||
| 588 | _aDescription based on online resource; title from PDF title page (ebrary, viewed November 4, 2013). | ||
| 590 | _aElectronic reproduction. Palo Alto, Calif. : ebrary, 2013. Available via World Wide Web. Access may be limited to ebrary affiliated libraries. | ||
| 650 | 0 |
_aCivil engineering _vCongresses. |
|
| 650 | 0 |
_aMaterial engineering _vCongresses. |
|
| 650 | 0 |
_aMaterials science _vCongresses. |
|
| 655 | 0 | _aElectronic books. | |
| 700 | 1 | _aJin, David. | |
| 700 | 1 | _aZhang, Helen. | |
| 700 | 1 | _aZhao, X. J. | |
| 797 | 2 | _aebrary. | |
| 830 | 0 |
_aAdvanced materials research ; _vv. 568. |
|
| 856 | 4 | 0 |
_uhttp://site.ebrary.com/lib/rucke/Doc?id=10777903 _zAn electronic book accessible through the World Wide Web; click to view |
| 999 |
_c131434 _d131434 |
||